| 000 | 00603nam a2200217Ia 4500 | ||
|---|---|---|---|
| 003 | OSt | ||
| 005 | 20240531165206.0 | ||
| 008 | 210210b1931 xxu||||| |||| 00| 0 eng d | ||
| 040 |
_aAL _c |
||
| 041 | _aKannada | ||
| 082 | _a858/170 | ||
| 100 |
_aVASUDEVAYYA _926292 _dವಾಸುದೇವಯ್ಯ |
||
| 245 |
_aAryakirti prathama Khanda _bಆರ್ಯಕೀರ್ತಿ:ಪ್ರಥಮ ಖಂಡ |
||
| 260 |
_aBengaluru _b- _c1931 |
||
| 650 |
_aprathama _926293 |
||
| 650 |
_aKhanda _926294 |
||
| 650 |
_aaryakriti _926295 |
||
| 690 |
_aBiography _926296 |
||
| 906 | _a020713 | ||
| 942 |
_2ddc _cBK |
||
| 999 |
_c144867 _d144867 |
||